Statystyki dla Kadra Lazio w Serie A 2018/2019

Kliknij tutaj aby rozwiązać quiz!

Ogólne statystyki

  • Ten quiz został rozwiązany 27 razy
  • Średni wynik to 14 z 26

Statystyki odpowiedzi

pozycja#krajpiłkarz% Poprawnych
N17ITACiro Immobile
96%
B1ALBThomas Strakosha
96%
N10ESPLuis Alberto
78%
P21SERSergej Milinkovic Savic
78%
O5BELJordan Lukaku
74%
Trener-ITASimone Inzaghi
70%
O33ITAFrancesco Acerbi
65%
N11ARGJoaquin Correa
65%
O3BRALuiz Felipe
65%
P77MNEAdam Marusic
57%
P6BRALucas Leiva
57%
P7KOSValon Berisha
57%
P16ITAMarco Parolo
52%
O22URUMartin Caceres
52%
P19BIHSenad Lulic
52%
O26ROMStefan Radu
52%
P25CROMilan Badelj
43%
P4ESPPatric
43%
P32ITADanilo Cataldi
39%
O14DENRiza Durmisi
39%
B24BELSilvio Proto
39%
O15ANGBastos
35%
O8SERDusan Basta
35%
O13BRAWallace
35%
B23ITAGuido Guerrieri
17%
N20ECUFelipe Caceido
9%

Rozkład punktacji

Percentyl według liczby udzielonych odpowiedzi

Procent ludzi z każdym wynikiem

Twoja historia wyników

Nie rozwiązałeś tego quizu